Statistics for World Map Quiz

Click here to take the quiz!

General Stats

  • This quiz has been taken 2,808 times
    (2,567 since last reset)
  • The average score is 122 of 196

Answers on the Map

Answers color-coded by a green-red scale on the quiz's map according to % correct below.
Loading ...
 

Answer Stats

Answer% Correct
Canada
88%
Mexico
85%
United States
85%
Brazil
76%
Argentina
76%
Australia
74%
Cuba
74%
Chile
74%
Russia
73%
France
73%
Denmark
72%
Italy
72%
Spain
72%
Portugal
72%
United Kingdom
72%
Ireland
72%
Iceland
72%
Bahamas
72%
Finland
71%
Egypt
71%
China
71%
Germany
71%
Panama
71%
Belize
71%
Austria
70%
Afghanistan
70%
Algeria
70%
Bolivia
70%
Colombia
70%
Belgium
70%
Uruguay
70%
India
70%
Norway
69%
El Salvador
69%
Haiti
69%
Costa Rica
69%
Poland
69%
Sweden
69%
Peru
69%
Ecuador
69%
Greece
69%
Venezuela
69%
Japan
69%
Madagascar
68%
Dominican
Republic
68%
South Africa
68%
Jamaica
68%
South Korea
68%
Belarus
68%
Paraguay
68%
Estonia
67%
Morocco
67%
Ukraine
67%
Czech Republic
67%
Netherlands
67%
North Korea
67%
Bangladesh
67%
Switzerland
67%
Saudi Arabia
67%
Andorra
67%
New Zealand
67%
Guatemala
67%
Indonesia
67%
Turkey
67%
Mongolia
67%
Cyprus
67%
Albania
66%
Pakistan
66%
Philippines
66%
Croatia
66%
Malta
66%
Latvia
66%
Kazakhstan
66%
Bosnia and
Herzegovina
65%
Cambodia
65%
Nicaragua
65%
Honduras
65%
Tunisia
65%
Libya
65%
Lithuania
65%
Suriname
65%
Iran
65%
Chad
65%
Central African
Republic
65%
Sudan
65%
South Sudan
65%
Taiwan
65%
Papua New
Guinea
64%
Malaysia
64%
Israel
64%
Luxembourg
64%
Vietnam
64%
Sri Lanka
64%
Nepal
64%
Oman
64%
Bulgaria
64%
Hungary
64%
Romania
64%
Ethiopia
64%
Democratic
Republic of
the Congo
64%
United Arab
Emirates
63%
Maldives
63%
Bhutan
63%
Angola
63%
Yemen
63%
Somalia
63%
Eritrea
63%
Azerbaijan
63%
Thailand
63%
Monaco
63%
Slovakia
63%
Moldova
63%
Laos
63%
Kenya
62%
Vatican City
62%
Liechtenstein
62%
Serbia
62%
Syria
62%
Mali
62%
Cape Verde
62%
Iraq
62%
Myanmar
62%
Nigeria
62%
Armenia
62%
Mozambique
62%
Eswatini
61%
Lesotho
61%
Kuwait
61%
Cameroon
61%
East Timor
61%
Kosovo
61%
Djibouti
61%
Jordan
61%
Slovenia
61%
Lebanon
60%
Botswana
60%
Niger
60%
Namibia
60%
Singapore
60%
North
Macedonia
60%
Mauritania
60%
Guyana
60%
Republic of
the Congo
59%
San Marino
59%
Equatorial
Guinea
59%
Tanzania
59%
Ivory Coast
59%
Burkina Faso
59%
Zimbabwe
59%
Montenegro
59%
Tajikistan
58%
Benin
58%
Georgia
58%
Senegal
58%
Qatar
58%
Uganda
58%
Malawi
58%
Ghana
58%
Seychelles
57%
São Tomé
and Príncipe
57%
Kyrgyzstan
57%
Rwanda
57%
Mauritius
57%
Trinidad and
Tobago
57%
Zambia
57%
Liberia
56%
Gambia
56%
Gabon
56%
Comoros
56%
Uzbekistan
56%
Brunei
56%
Bahrain
56%
Guinea
56%
Turkmenistan
55%
Togo
55%
Guinea-Bissau
53%
Burundi
52%
Sierra Leone
52%
Kiribati
51%
Federated States
of Micronesia
50%
Fiji
45%
Marshall Islands
45%
Solomon Islands
44%
Nauru
42%
Palau
41%
Barbados
41%
Antigua and
Barbuda
40%
Tonga
37%
Vanuatu
37%
Samoa
36%
Grenada
36%
Tuvalu
34%
Dominica
33%
Saint Lucia
33%
Saint Vincent
and the
Grenadines
33%
Saint Kitts
and Nevis
30%

Score Distribution

Percentile by Number Answered

Percent of People with Each Score

Your Score History

You have not taken this quiz since the last reset